000 00309nam a22001337a 4500
008 170606b xxu||||| |||| 00| 0 eng d
020 _a9780831774042
041 _aeng
080 _a94(4)
100 _a18
101 _aSHH
245 _aTHE RISE AND FALL OF THE THIRD REICH
_cSHIRER,W.L
942 _2udc
_cBK
999 _c16023
_d16023